Simpsons trivia by season - Statistics

General Stats
  • This quiz has been taken 46 times
  • The average score is 10 of 33
Answer Stats
# Question Answer % Correct
1 Bart switches his test with what student Martin
92%
5 Sideshow Bob repeatedly steps on what? Rake
76%
11 This character dies by t shirt cannon Maude Flanders
74%
7 Who plays Fallout Boy in the Radioactive Man Movie? Milhouse
68%
8 Who is Homer's enemy? Frank Grimes
61%
4 The monorail put Brockway, Ogdenville and ___________ on the map? North Haverbrook
61%
3 Which baseball player does Mr. Burns pinch hit Homer for? Darryl Strawberry
55%
2 Who plays Lisa's Substitute Mr. Bergstrom Dustin Hoffman
42%
9 Who rescued the children on the island? Moe
39%
14 Homer goes on tour to follow this parody fast food sandwich ribwich
39%
21 Marge and Homer participate in the 2008 Vancouver Olympics in this winter sport? Curling
37%
22 Moe starts a gay bar with which Springfield resident? Waylon Smithers
37%
17 Sideshow Bob flees Springfield to end up a mayor in which country? Italy
34%
16 While in China, Homer has to pretend to be who's husband? Selma
34%
18 This character lives in the Simpsons house for around a year before moving to Scottsdale. Gil
29%
15 Milhouse temporarily moves to this city... Capitol City
26%
23 Edna Krabappel marries who? Ned Flanders
26%
13 Homer writes a fortune cookie that say "You will find love" on what day? flag day
21%
27 In a flashback the Simpsons travel to the Grand Canyon with this family... Flanders
21%
10 Willie reveals he is from where in Scotland? North Kilttown
21%
6 Finish this line "Skinner said the teachers will crack any minute _________" Purple monkey dishwasher
21%
19 Sprinfield nominates this resident for 2008 president. Ralph
21%
20 Residents from this neighboring city immigrate to Springfield in search of work. Ogdenville
18%
25 Homer gets to referee what sporting event in Brazil? World Cup
13%
31 This youngster decides he does not believe in God anymore. Todd
11%
26 Chief Wiggum causes damage to which building while on jetpack? Church
8%
28 Kirk and Homer coach their kids' team in this sport lacrosse
8%
24 The Simpsons get new neighbors from this west coast city... Portland
8%
30 Lisa decides to stay in this country Canada
5%
32 Chalmers and Skinner take a road trip to a conference in this city Cincinnati
0%
33 This actress makes an appearance singing for Marge Kristen Bell
0%
12 Homer and Marge are nicknamed the _______ of backyard tennis. LA Clippers
0%
29 Principal Skinner got accepted to this real life college for marching band but his mother hid the letter. Ohio St
0%
No matching quizzes found
Score Distribution
Percent of People with Each Score
Percentile by Number Answered
Your Score History
You have not taken this quiz